[Versek] 80 éve született Rácz Olivér

Bibliographic Details
Main Author: Rácz, Oliver, 1918-1997 (Author)
Format: Article
Language:Hungarian
Slovak
Subjects:

MARC

LEADER 00000nab a2200000 a 4500
001 vtls000654173
003 SK-MaSNL
005 20260302182601.0
008 160314c1998 xo 0 hun
015 |a SNBRA1998/02-03821 
035 |a CLN000006366 
040 |a SNKBUCL  |b slo  |c SNKBUCL  |e AACR2 
041 0 |a slo 
044 |a xo  |c SK 
080 |a 894.511 (437.6)-1=945.11  |2 UDC-MRF-SK2 
100 1 |a Rácz, Oliver,  |d 1918-1997  |4 aut  |9 56100 
245 1 0 |a [Versek]  |b 80 éve született Rácz Olivér  |c Rácz Olivér 
505 1 |a Obsahuje básne: Ki veszi meg? ... ; Emlék ; Átok, vád, félelem ; Peregj, kerék ; Valahol távol ; Arc a tükör mögött ; Virág ; A lírikus nekrológja 
650 0 7 |a lyrické básne, maďarské  |2 snkbucl  |9 71024 
773 0 |t Irodalmi szemle  |g Roč. 41, č. 1-2 (1998), s. 11-15 
850 |a Slovenská národná knižnica v Martine 
852 |a SNK  |b KIS3GCP 
958 |a HU 
958 |a LX 
958 |a SK 
958 |a RBX 
999 |c 1418709  |d 1420639